| 000 | 00801nam a22002771a 4500 | ||
|---|---|---|---|
| 001 | 2421369 | ||
| 005 | 20110718132906.0 | ||
| 008 | 850322s1985 mau b 00010 eng | ||
| 020 |
_a0710207093 _c _20.00 |
||
| 020 |
_a0710207093 _c _8.00 |
||
| 035 | _a(OCoLC)ocm11917609 | ||
| 035 | _9ADK-2355 | ||
| 035 | _a(ARUdb)20467 | ||
| 039 | 0 |
_a2 _b3 _c3 _d3 _e3 |
|
| 040 |
_aDLC _cDLC _dUIU _dARUdb |
||
| 050 | 0 |
_aTK 9153.R54 1985 _bTK 9153.R54 1985 |
|
| 082 | 0 |
_a174/.95 _219 |
|
| 100 | 1 | 0 | _aRifkin, Jeremy. |
| 245 | 1 | 0 |
_aDeclaration of a heretic / _cJeremy Rifkin. _h[Text] |
| 260 | 0 |
_aBoston _bRoutledge & Kegan Paul _c1985 |
|
| 300 |
_ax, 140 p. ; _c22 cm. |
||
| 504 | _aBibliography: p. 117-140. | ||
| 650 | 0 | _aNuclear energy. | |
| 650 | 0 | _aGenetic engineering. | |
| 650 | 0 |
_aScience _xSocial aspects. |
|
| 999 |
_c39063 _d39063 |
||